The black madonna : (Registro nro. 8833)

Detalles MARC
000 -LIDER
fixed length control field 00789nam a22002537a 4500
003 - IDENTIFICACDOR DE NÚMERO DE CONTROL
control field DO-SdBNP
005 - DATE AND TIME OF LATEST TRANSACTION
control field 20151120094215.0
008 - ELEMENTOS DE LONGITUD FIJA
fixed length control field 151120b 1980 xxu||||| |||| 00| 0 spa d
010 ## - NUMERO DE CONTROL DE BIBLIOTECA DEL CONGRESO
LC control number 00260
020 ## - ISBN
International Standard Book Number 8742973392
040 ## - FUENTE DE CATALOGACIÓN
Agencia que crea de manera original el registro BPMSU
Idioma de catalogación spa
Agencia que realiza la transcripción BPMSU
092 ## - LOCALLY ASSIGNED DEWEY DECIMAL CALL NUMBER
Número de clasificación xxxxx
Número de ítem (Cutter) xxxxx
100 1# - ASIENTO PRINCIPAL -- NOMBRE PERSONAL
Nombre personal Lessing, Doris
245 10 - MENCIÓN DE TITULO
Título The black madonna :
Mención de responsabilidad and other stories /
Enlace Doris Lessing ; ed. Solveig Odland Portisch ; ill. Oskar Jørgensen.
260 ## - PUBLICACIÓN, DISTRIBUCIÓN, ETC. (PIE DE IMPRENTA)
Lugar de publicación, distribución, etc Copenhagen :
Nombre del editor, distribuidor, etc. Grafisk forlag : Aschehoug Dansk Forlag
Fecha de publicación, distribución, etc 1980.
300 ## - DESCRIPCIÓN FÍSICA
Extensión 95 p.
Otros detalles físicos il. ;
Dimensiones 19 cm.
490 1# - MENCIÓN DE SERIES
Materiales especificados Easy readers
Enlace D
700 12 - ASIENTO SECUNDARIO -- NOMBRE PERSONAL
Nombre personal Odland Portisch, Solveig,
Mención de responsabilidad ed.
700 12 - ASIENTO SECUNDARIO -- NOMBRE PERSONAL
Nombre personal Jørgensen, Oskar,
Mención de responsabilidad il.
830 #0 - ASIENTO SECUNDARIO DE SERIE--TÍTULO UNIFORME
Título uniforme Easy readers ;
Número de la parte o sección de una obra D
910 ## - VALIDACIÓN
Validación 00260
942 ## - ADDED ENTRY ELEMENTS (KOHA)
Source of classification or shelving scheme Dewey Decimal Classification
Koha item type Libros
956 ## - LOCAL ELECTRONIC LOCATION AND ACCESS (OCLC)
Nombre de host Lorenza Pérez
Número de acceso 10
Existencias
Withdrawn status Lost status Source of classification or shelving scheme Damaged status Not for loan Collection code Home library Current library Date acquired Source of acquisition Total Checkouts Barcode Date last seen Copy number Price effective from Koha item type
    Dewey Decimal Classification       Biblioteca Pública Metropolitana Salomé Ureña Biblioteca Pública Metropolitana Salomé Ureña 11/20/2015 Donación   BPMSU15110405 11/20/2015 1 ej. 11/20/2015 Libros